Online
Catalog

Collected poems / (Record no. 1506)

MARC details
000 -CABECERA
campo de control de longitud fija 00983cam a2200277 a 4500
001 - NÚMERO DE CONTROL
campo de control 000001615
005 - FECHA Y HORA DE LA ÚLTIMA TRANSACCIÓN
campo de control 20200929145634.0
008 - DATOS DE LONGITUD FIJA--INFORMACIÓN GENERAL
campo de control de longitud fija 750107s1975 nju b 001 p eng d
020 ## - NÚMERO INTERNACIONAL ESTÁNDAR DEL LIBRO
Número Internacional Estándar del Libro 069106279X
040 ## - FUENTE DE LA CATALOGACIÓN
Centro catalogador/agencia de origen DO-SdBNP
Lengua de catalogación spa
Centro/agencia transcriptor BNPHU
041 17 - CÓDIGO DE LENGUA
Código de lengua del texto/banda sonora o título independiente gre
Código de lengua del sumario o resumen eng
Fuente del código Código de idioma MARC
082 ## - NÚMERO DE LA CLASIFICACIÓN DECIMAL DEWEY
Número de clasificación 889.2
Número de documento/Ítem C376p
100 1# - ENTRADA PRINCIPAL--NOMBRE DE PERSONA
Nombre de persona Cavafy, Constantine,
Fechas asociadas al nombre 1863-1933.
9 (RLIN) 5283
240 10 - TÍTULO UNIFORME
Título uniforme Poems.
Lenguaje de la obra English & Greek
245 10 - MENCIÓN DE TÍTULO
Título Collected poems /
Mención de responsabilidad, etc. C. P. Cavafy ; traducción de Edmund Keeley and Philip Sherrard ; editado por George Savidis.
260 ## - PUBLICACIÓN, DISTRIBUCIÓN, ETC.
Lugar de publicación, distribución, etc. Princeton, N.J. :
Nombre del editor, distribuidor, etc. Princeton University Press,
Fecha de publicación, distribución, etc. [1975].
300 ## - DESCRIPCIÓN FÍSICA
Extensión xvii, 451 p. ;
Dimensiones 23 cm.
504 ## - NOTA DE BIBLIOGRAFÍA, ETC.
Nota de bibliografía, etc. Bibliografías: p. 443-447.
500 ## - NOTA GENERAL
Nota general Incluye índice
600 14 - PUNTO DE ACCESO ADICIONAL DE MATERIA--NOMBRE DE PERSONA
Nombre de persona CAVAFY, CONSTANTINE,
Fechas asociadas al nombre 1863-1933
9 (RLIN) 5284
650 #4 - PUNTO DE ACCESO ADICIONAL DE MATERIA--TÉRMINO DE MATERIA
Término de materia o nombre geográfico como elemento de entrada Poesía griega
9 (RLIN) 5285
650 #4 - PUNTO DE ACCESO ADICIONAL DE MATERIA--TÉRMINO DE MATERIA
Término de materia o nombre geográfico como elemento de entrada Literatura griega
Subdivisión cronológica SIGLO XX
9 (RLIN) 5286
700 1# - PUNTO DE ACCESO ADICIONAL--NOMBRE DE PERSONA
Nombre de persona Keeley, Edmund,
Término indicativo de función/relación tr.
9 (RLIN) 5287
700 1# - PUNTO DE ACCESO ADICIONAL--NOMBRE DE PERSONA
Nombre de persona Sherrard, Philip,
Término indicativo de función/relación tr.
9 (RLIN) 5288
700 1# - PUNTO DE ACCESO ADICIONAL--NOMBRE DE PERSONA
Nombre de persona Savvides, Georgios P.
9 (RLIN) 5289
Holdings
Estado de retiro Estado de pérdida Restricciones de uso No para préstamo Código de colección Localización permanente Ubicación/localización actual Ubicación en estantería Fecha de adquisición Número de inventario Total de préstamos Signatura topográfica completa Código de barras Fecha visto por última vez Precio válido a partir de Tipo de ítem Koha
    Préstamo interno   Monografías: Libros y Folletos General General Depósito 22.09.2009 LF1   889.2 C376p 1615-10 25.06.2020 25.06.2020 Préstamo interno
        Monografías: Libros y Folletos Patrimonio Dominicano Patrimonio Dominicano Orden iniciada 05.06.2017 LF1   889.2 C376p 1615-20 25.06.2020 25.06.2020 No se presta

Powered by Koha